| 000 | 00353nam a2200133Ia 4500 | ||
|---|---|---|---|
| 008 | 240624s9999 xx 000 0 und d | ||
| 041 | _aeng | ||
| 082 | _a658.4092 CHI | ||
| 100 | _aCHIQUET MAUREEN | ||
| 245 | _aBEYOND THE LABEL WOMEN LEADERSHIP AND SU | ||
| 260 |
_c2017 _aNew York _bHarper Business |
||
| 300 | _axvii, 265 p.; 23 cm. | ||
| 365 |
_c _b30 |
||
| 999 |
_c31951 _d31951 |
||